00295pab a2200121 454500008004000000100001900040245004400059260000900103300001200112362001200124650001100136773002600147180718b2003 xxu||||| |||| 00| 0 eng d aSivamurthy, A. aSurveillance and occurrence of burglary c2003 ap.8-12. aJan-Mar aPolice aIndian Police Journal